000 00411nam a2200145Ia 4500
008 230917s9999||||xx |||||||||||||| ||und||
040 _e97166
_aMAIN
041 _aEnglish
082 _a973.092 R133R
100 _aRaimo, John W
245 0 _aBiographical directory of American colonial and revolutionary governors 1607-1789
260 _aWestport
_bMackler Books
_c1980
300 _axii, 521 p.
942 _cBK
999 _c44204
_d44204